Catalunya en imatges - Statistics

General Stats
  • This quiz has been taken 17 times
  • The average score is 14 of 16
Answer Stats
Picture Hint Answer % Correct
Menjar tradicional Calçotada
100%
Lloc Camp Nou
100%
Menjar tradicional Pa amb tomàquet
100%
... Sagrada Família
100%
Festa Sant Jordi
100%
Vila Cadaqués
93%
Festa La Patum de Berga
93%
Serralada Pirineus
93%
Carrer Rambla de Barcelona
93%
Bandera Senyera
93%
Menjar tradicional All i oli
87%
Parc natural Delta de l'Ebre
87%
Pintor Salvador Dalí
87%
Ciutat Girona
80%
Muntanya Pedraforca
80%
Parc natural Aiguamolls de l'Empordà
33%
No matching quizzes found
Score Distribution
Percent of People with Each Score
Percentile by Number Answered
Your Score History
You have not taken this quiz